| 000 | 01279nam a2200253Ia 4500 | ||
|---|---|---|---|
| 003 | Ost | ||
| 005 | 20260507075321.0 | ||
| 008 | 260507s9999||||xx |||||||||||||| ||und|| | ||
| 020 | _a70598199579 | ||
| 040 | _cfsecg | ||
| 041 | _aara | ||
| 082 | _a658.403 | ||
| 100 |
_aالنعيمي، عدنان تايه ذياب _eمؤلف |
||
| 245 | 0 |
_aتكنولوجيا العمل في المنظمة بين النظرية و التطبيق / _c عدنان تايه ذياب النعيمي |
|
| 260 |
_aعمان: _bدار جليس الزمان, _c2011 |
||
| 300 |
_a224 صفحة؛ _bإيضاحات ؛ _c25 سم |
||
| 504 | _aقامة الجداول ص.221 ببليوغرافيا: ص.211-217 | ||
| 520 | _aالمقصود بالتكنولوجيا، رواد الفكر الاداري و التكنولوجيا، الدراسات المهتمة بقياس أثر التكنزلزجيا، تكنولوجيا العمل و مواصفات الأفراد، العلاقة بين تكنولوجيا العمل و الهيكل التنظيمي، العلاقة بين تكنولوجيا العمل و الفاعلية | ||
| 653 | _aإدارة الأعمال | ||
| 653 | _aالتكنولوجيا | ||
| 653 | _aالعمل | ||
| 653 | _aالعمل و العمال | ||
| 942 | _cكتاب | ||
| 999 |
_c43923 _d43923 |
||